000 00192nam a22000977a 4500
082 _a823
_bSLI/A
245 _aALL ABOUT CHIMPANZEES
300 _a29
650 _aENGLISH SHORT STORY
942 _cBK
999 _c3098
_d3098